Deploying IP and MPLS QoS for multiservice networks : theory and practice

QoS, short for "quality of service," is one of the most important goals a network designer or administrator will have. Ensuring that the network runs at optimal precision with data remaining accurate, traveling fast, and to the correct user are the main objectives of QoS. The various media...

Popoln opis

Shranjeno v:
Bibliografske podrobnosti
Glavni avtor: Evans, John.
Format: Knjiga
Jezik:Undetermined
Izdano: San Francisco, Calif.,Oxford Morgan Kaufmann,Elsevier Science [distributor] 2007
Teme:
Oznake: Označite
Brez oznak, prvi označite!
Thư viện lưu trữ: Trung tâm Học liệu Trường Đại học Cần Thơ
LEADER 01348nam a2200229Ia 4500
001 CTU_158108
008 210402s9999 xx 000 0 und d
020 |c 36.29 
082 |a 004.6 
082 |b E92 
100 |a Evans, John. 
245 0 |a Deploying IP and MPLS QoS for multiservice networks : 
245 0 |b theory and practice 
245 0 |c John Evans, Clarence Filsfils 
260 |a San Francisco, Calif.,Oxford 
260 |b Morgan Kaufmann,Elsevier Science [distributor] 
260 |c 2007 
520 |a QoS, short for "quality of service," is one of the most important goals a network designer or administrator will have. Ensuring that the network runs at optimal precision with data remaining accurate, traveling fast, and to the correct user are the main objectives of QoS. The various media that fly across the network including voice, video, and data have different idiosyncrasies that try the dimensions of the network. This malleable network architecture poses an always moving potential problem for the network professional. 
650 |a Computer networks,Computer networks,MPLS standard,Multicasting (Computer networks),Mạng máy tính,Tiêu chuẩn MPLS 
650 |x Quality control,Reliability,Kiểm soát chất lượng 
904 |i Năm 
980 |a Trung tâm Học liệu Trường Đại học Cần Thơ